| 000 | 00768nam a22001577a 4500 | ||
|---|---|---|---|
| 003 | OSt | ||
| 005 | 20151216143036.0 | ||
| 008 | 151216b xxu||||| |||| 00| 0 eng d | ||
| 040 | _cRUA | ||
| 082 | _aAED EAR 2004 B217 Or.1 | ||
| 100 |
_94925 _aEAR TECHKUNG; អ៊ា តិចគង់ |
||
| 245 | _aStudy on water user community's constraints and opportunities in puok district, siam riep province, សិក្សាអំពីកត្តារារំាង និងកាលានុវត្តភាពរបស់សហគមន៍កសិករ ប្រើប្រាស់ទឹកក្នុងស្រុកពួក ខេត្តសៀមរាប. | ||
| 260 |
_aPhnom Penh _bRUA _c2004 |
||
| 300 |
_aix; 49p. _bill. _c29cm. |
||
| 942 |
_2ddc _cAED |
||
| 999 |
_c4574 _d4574 |
||